| 000 | 01554nam a2200385Ia 4500 | ||
|---|---|---|---|
| 001 | ebr10587106 | ||
| 003 | CaPaEBR | ||
| 006 | m u | ||
| 007 | cr cn||||||||| | ||
| 008 | 020815s2003 nyu sb 001 0 eng d | ||
| 010 | _z 2002030542 | ||
| 020 | _z0791455653 (alk. paper) | ||
| 020 | _z0791455661 (pbk. : alk. paper) | ||
| 020 | _z9780791455654 | ||
| 020 | _z9780791487655 | ||
| 040 |
_aCaPaEBR _cCaPaEBR |
||
| 035 | _a(OCoLC)61367652 | ||
| 050 | 1 | 4 |
_aBL1237.78 _b.M32 2003eb |
| 082 | 0 | 4 |
_a294.5/38 _221 |
| 100 | 1 | _aMcDaniel, June. | |
| 245 | 1 | 0 |
_aMaking virtuous daughters and wives _h[electronic resource] : _ban introduction to women's Brata rituals in Bengali folk religion / _cJune McDaniel. |
| 260 |
_aNew York : _bState University of New York Press, _cc2003. |
||
| 300 | _axii, 131 p. | ||
| 504 | _aIncludes bibliographical references (p. 125-127) and index. | ||
| 533 |
_aElectronic reproduction. _bPalo Alto, Calif. : _cebrary, _d2011. _nAvailable via World Wide Web. _nAccess may be limited to ebrary affiliated libraries. |
||
| 650 | 0 | _aVratas. | |
| 650 | 0 |
_aHinduism _xRituals. |
|
| 650 | 0 |
_aBengali (South Asian people) _vFolklore. |
|
| 650 | 0 |
_aFolklore _zIndia _zWest Bengal. |
|
| 650 | 0 |
_aHindu women _xReligious life _zIndia _zWest Bengal. |
|
| 651 | 0 |
_aWest Bengal (India) _xReligious life and customs. |
|
| 655 | 7 |
_aElectronic books. _2local |
|
| 710 | 2 | _aebrary, Inc. | |
| 856 | 4 | 0 |
_uhttp://site.ebrary.com/lib/rucke/Doc?id=10587106 _zAn electronic book accessible through the World Wide Web; click to view |
| 999 |
_c107846 _d107846 |
||